Ζητήματα σύγχρονης διατροφής : οι επιπτώσεις των Ε στην ανθρώπινη υγεία : μεταπτυχιακή διατριβή

Αποθηκεύτηκε σε:
Λεπτομέρειες βιβλιογραφικής εγγραφής
Κύριος συγγραφέας: Κούρας, Κώστας
Συγγραφή απο Οργανισμό/Αρχή: Πανεπιστήμιο Αιγαίου. Σχολή Κοινωνικών Επιστημών. Τμήμα Πολιτισμικής Τεχνολογίας και Επικοινωνίας. Πρόγραμμα Μεταπτυχιακών Σπουδών Πολιτισμική Πληροφορική και Επικοινωνία
Μορφή: Thesis Βιβλίο
Γλώσσα:Greek
Δημοσίευση: 2008.
Θέματα:
Διαθέσιμο Online:http://hdl.handle.net/11610/16425
Ετικέτες: Προσθήκη ετικέτας
Δεν υπάρχουν, Καταχωρήστε ετικέτα πρώτοι!

MARC

LEADER 00000cam a2200000 i 4500
001 1/1416
008 090909s2008 gr | ||| |||| ||gre||
035 |l 10105589 
040 |a GR-MyUa  |b gre  |e AACR2 
041 0 |a gre 
082 7 |a 363.8   |2 (22) 
100 1 |a Κούρας, Κώστας. 
245 1 0 |a Ζητήματα σύγχρονης διατροφής :   |b οι επιπτώσεις των Ε στην ανθρώπινη υγεία : μεταπτυχιακή διατριβή /   |c Κούρας Κώστας ; επιβλέπων καθηγητής: Γεράσιμος Παυλογεωργάτος. 
260 |c 2008. 
300 |a 66 σ. :   |b εικ. ;   |c 30 εκ. 
502 |a Διατριβή (μεταπτυχιακή) – Πανεπιστήμιο Αιγαίου, Λέσβος, 2008. 
504 |a Βιβλιογραφία: σ. 47-49. 
650 0 0 |a Food additives  |x Health aspects. 
650 0 0 |a Food law and legislation. 
650 0 0 |a Food  |x Toxicology. 
650 0 0 |a Dissertations, Academic  |z Greece. 
700 1 |a Παυλογεωργάτος, Γεράσιμος Δ.  |e dgs 
710 2 |a Πανεπιστήμιο Αιγαίου.   |b Σχολή Κοινωνικών Επιστημών.   |b Τμήμα Πολιτισμικής Τεχνολογίας και Επικοινωνίας.   |b Πρόγραμμα Μεταπτυχιακών Σπουδών Πολιτισμική Πληροφορική και Επικοινωνία. 
852 |a INST  |b LESVOS  |c DIATR  |e 20090909  |h 157  |p 005100046611  |q 005100046611  |t MTXE  |y 23 
852 |a INST  |b LESVOS  |c DIATR  |e 20090909  |h 158  |p 005100046610  |q 005100046610  |t MTXE  |y 23 
856 |u http://hdl.handle.net/11610/16425 
901 |a BIBL1-2009-3 
924 |a Κούρας  |b Κώστας  |y Λέσβος  |z 2008-12 
970 |a ΤΖΑΦΕΡΗ  |b ΕΥΑΓΓΕΛΙΑ  |z 2009/09/09